| 000 | 00892nam a22002777a 4500 | ||
|---|---|---|---|
| 003 | CHAP | ||
| 005 | 20220329135019.0 | ||
| 008 | 971013s1937 r 10010 d | ||
| 010 | _a29553 | ||
| 011 | _a30525 | ||
| 035 | _a34637 | ||
| 040 | _cCHAP | ||
| 082 |
_a338.17525 _bC6 |
||
| 111 | 0 | 0 |
_aConvención Nacional de Cultivadores de Ajo ( _n1 _d: 1937 _c: México) _927628 |
| 245 | _aMemoria de la Primera Convención Nacional de Cultivadores de Ajo | ||
| 260 |
_aMéxico, D.F. : _bSecretaría de Agricultura y Fomento, _c1937 |
||
| 300 | _a76 p. | ||
| 590 |
_aBATCH-UPD _b10 _c20130110 _lUCH01 _h1724 |
||
| 590 |
_aBATCH-UPD _b10 _c20130410 _lUCH01 _h1107 |
||
| 590 |
_aBATCH-UPD _b10 _c20130914 _lUCH01 _h2107 |
||
| 590 |
_aCONVERSION _b10 _c20130109 _lUCH01 _h1317 |
||
| 650 | 1 | 4 |
_aAjo. _93170 |
| 901 | _aBK | ||
| 942 | _cLIBRO | ||
| 949 |
_a338.17525 C6 _bBC _cBPP _d-80118 _eBPP _h5845 _i34637 _si |
||
| 999 |
_c29553 _d29553 |
||